Les films avec Will Smith - Statistiques

Statistiques générales
  • Ce quiz a été pris 49 fois
  • Le résultat moyen est 8 sur 20
Statistiques - réponses
Hint Réponse % Correct
L'agent J qui traque les extraterrestres Men in Black
100%
Un chercheur immunisé contre un virus traqué par des mutants Je suis une légende
70%
Un expert en séduction qui donne des cours Hitch
68%
Un boxeur professionnel Ali
66%
Un célibataire séducteur, flic à Miami Bad Boys
64%
Un policier hostile aux robots I Robot
62%
Un personnage emblématique de Disney Aladdin
47%
Un superhéros alcoolique plutôt impopulaire Hancock
45%
Un papa qui entraîne ses deux filles, prodiges du tennis La Méthode Williams
40%
Un escroc professionnel qui tombe amoureux d'une plus forte que lui Diversion
38%
Un représentant de commerce endetté A la recherche du bonheur
34%
Un pilote qui s'écrase en plein désert et traine un extraterrestre mort Independence Day
32%
Un homme qui se suicide à l'aide d'une méduse mortellement venimeuse 7 vies
26%
Un général qui emmène son fils avec lui sur Terre After Earth
26%
Un capitaine de l'armée américaine qui voyage a bord du train Wanderer Wild Wild West
23%
Un avocat en lutte acharné contre la mafia Ennemi d'Etat
9%
Un publicitaire dépressif après la mort de sa fille Beauté cachée
2%
Le caddie d'un champion de boxe La Légende de Bagger Vance
2%
Un élégant jeune homme qui berne une riche famille américaine Six Degrés de séparation
0%
Lucifer Un amour d'hiver
0%
Aucun quiz correspondant
Distribution des résultats
% des personnes avec chaque résultat
Percentile par nombre de réponses
Votre historique - résultats
Vous n’avez pas pris ce quiz